Normal view
MARC view
Entry Personal Name
001 - CONTROL NUMBER
- control field: 18507
003 - CONTROL NUMBER IDENTIFIER
- control field: OSt
005 - DATE AND TIME OF LATEST TRANSACTION
- control field: 20240708122021.0
008 - FIXED-LENGTH DATA ELEMENTS
- fixed length control field: 240708|| aca||aabn | a|a d
040 ## - CATALOGING SOURCE
- Original cataloging agency: OSt
- Transcribing agency: OSt
100 ## - HEADING--PERSONAL NAME
- Personal name: Kerlinger, Fred N.
- Fuller form of name: (Fred Nichols)
670 ## - SOURCE DATA FOUND
- Source citation: Work cat.: (OSt)9090: Kerlinger, Fred N. (Fred Nichols),, Foundations of behavioral research, 1964
